[Event "Warsaw Najdorf Memorial op-B"]
[Site "Warsaw"]
[Date "2021.07.14"]
[Round "5"]
[White "Jaroszuk, Marcin"]
[Black "Jozwik, Michal"]
[Result "0-1"]
[WhiteElo "1571"]
[BlackElo "1435"]
[PlyCount "120"]
[EventDate "2021.07.10"]
[EventType "swiss"]
[EventRounds "9"]
[EventCountry "POL"]
[SourceTitle "EXT 2022"]
[Source "ChessBase"]
[SourceDate "2021.10.06"]
[SourceVersion "1"]
[SourceVersionDate "2021.10.06"]
[SourceQuality "1"]

1. Nf3 d5 2. g3 Nc6 3. d4 Bf5 4. Bg2 Qd7 5. 0-0 0-0-0 6. b4 Nxb4 7. Ne5 Qe6 8. c4 f6 9. Nd3 Nxd3 10. exd3 dxc4 11. dxc4 c6 12. Qa4 Kb8 13. Bf4+ Ka8 14. Bc7 Rc8 15. Bb6 a6 16. Nc3 Bd3 17. d5 cxd5 18. Nxd5 Kb8 19. Rfc1 Qc6 20. Qxc6 Rxc6 21. c5 Bg6 22. Rd1 e5 23. Nb4 Rc8 24. Rd7 e4 25. Nxa6+ bxa6 26. Rb1 Bf5 27. Rd4 Ne7 28. Ba5+ Ka7 29. Bb6+ Kb7 30. Bd8+ Kc6 31. Rb6+ Kxc5 32. Rbd6 Rc6 33. Bxe7 Rxd6 34. Rxd6 Bxe7 35. Rxa6 Kd5 36. Ra5+ Bc5 37. h4 Rb8 38. Ra4 Rb1+ 39. Kh2 h5 40. Ra5 Rb2 41. Kg1 Kc4 42. Bf1+ Kd5 43. Bg2 Kc6 44. a4 Kb6 45. Rb5+ Rxb5 46. axb5 Kxb5 47. Bf1+ Kc6 48. Bc4 Kd6 49. Kg2 Bg4 50. Bf7 Ke5 51. Be8 Bf3+ 52. Kf1 e3 53. fxe3 Bxe3 54. Bg6 f5 55. Be8 f4 56. Bd7 fxg3 57. Bh3 Kf4 58. Bg2 Bxg2+ 59. Kxg2 Kg4 60. Kh1 Kxh4 0-1

[Event "Mazowiec-chT op 1819"]
[Site "Warsaw"]
[Date "2019.01.13"]
[Round "5.15"]
[White "Maliszewski, Michal"]
[Black "Jozwik, Michal"]
[Result "1/2-1/2"]
[WhiteElo "1124"]
[BlackElo "1386"]
[PlyCount "104"]
[EventDate "2018.12.02"]
[EventType "team-swiss"]
[EventRounds "10"]
[EventCountry "POL"]
[SourceTitle "EXT 2020"]
[Source "ChessBase"]
[SourceDate "2019.10.17"]
[SourceVersion "1"]
[SourceVersionDate "2019.10.17"]
[SourceQuality "1"]

1. e4 c5 2. Nf3 g6 3. d4 cxd4 4. Qxd4 Nf6 5. Nc3 Nc6 6. Qa4 Bg7 7. Bb5 0-0 8. e5 Ne8 9. Bf4 Nc7 10. Bxc6 bxc6 11. 0-0 Ne6 12. Bg3 Qb6 13. Qa3 Re8 14. Rad1 Rb8 15. b3 Ba6 16. Rfe1 Rb7 17. Ne2 Bxe2 18. Rxe2 c5 19. Red2 Qc6 20. Qa5 Reb8 21. Rd5 Rd8 22. Qd2 Qa6 23. a4 Qc6 24. Qa5 Qb6 25. Qb5 Qxb5 26. axb5 Rxb5 27. Rxd7 Rxd7 28. Rxd7 c4 29. Rxa7 cxb3 30. Ra8+ Nf8 31. cxb3 Rxb3 32. h3 h6 33. Nd2 Rd3 34. Ne4 Rd1+ 35. Kh2 Kh7 36. Nf6+ exf6 37. exf6 Bxf6 38. Rxf8 Kg7 39. Re8 Rd2 40. Kg1 Rd1+ 41. Kh2 h5 42. Be5 Bxe5+ 43. Rxe5 Kf6 44. Ra5 Re1 45. Ra6+ Kf5 46. Kg3 g5 47. Kf3 g4+ 48. hxg4+ hxg4+ 49. Kg3 Re4 50. Ra5+ Kg6 51. Rb5 f5 52. Kh4 Re6 1/2-1/2